[Event "Pere Noel CEH 2017 (Open)"]
[Site "Gatineau"]
[Date "2018.01.23"]
[Round "6"]
[White "Bilodeau Victor"]
[Black "Solunac Sasha"]
[Result "1-0"]
[BlackElo "1961"]
[EventDate "2018.01.23"]
[WhiteElo "1767"]

1.d4 Nf6 2.c4 e5 3.d5 Bc5 4.Nf3 d6 5.Nc3 O-O 6.h3 c6 7.e4 Nbd7 8.Bd3 Nh5  9.O-O Nf4 10.Bxf4 exf4 11.Na4 a6 12.Nxc5 Nxc5 13.Bc2 Qf6 14.b3 Bd7 15.Re1  Rfe8 16.Qd4 Qxd4 17.Nxd4 f6 18.f3 Kf7 19.Kf2 g6 20.h4 Re7 21.Ne2 g5 22.hxg5  fxg5 23.Rh1 Kf6 24.Rh6+ Ke5 25.Rah1 Rh8 26.R1h5 Rg7 27.g3 fxg3+ 28.Kxg3 1-0

[Event "Pere Noel CEH 2017 (Open)"]
[Site "Gatineau"]
[Date "2018.01.23"]
[Round "6"]
[White "Akrib Fouad"]
[Black "Desjardins Michel"]
[Result "1/2-1/2"]
[BlackElo "1923"]
[EventDate "2018.01.23"]
[WhiteElo "1929"]

1.e4 d5 2.exd5 Qxd5 3.Nf3 Bg4 4.Be2 Nc6 5.d4 O-O-O 6.c4 Qf5 7.Be3 Bxf3 8.Bxf3  Nxd4 9.Bg4 Nc2+ 10.Qxc2 Qxg4 11.O-O Qg6 12.Qa4 Qa6 13.Qb3 Nf6 14.h3 e6 15.Nc3  c6 16.a4 Nd7 17.Ne4 Ne5 18.Rfc1 Qa5 19.c5 Be7 20.Qc2 Qb4 21.a5 a6 22.Bd2 Qb5  23.Ra3 f5 24.Rb3 Qe2 25.Re3 Qb5 26.Ng3 Rxd2 27.Qxd2 Bg5 28.Qd6 Bxe3 29.Qxe6+  Nd7 30.Qxe3 g6 31.Qd4 Rd8 32.b4 Nf8 33.Qb2 Qd3 34.Nf1 f4 35.Re1 Qd4 36.Qb1  Qd3 37.Qc1 g5 38.Nh2 Ng6 39.Nf3 Rd5 40.Qb2 Qf5 41.Qg7 Qd7 42.Qg8+ Kc7 43.Re8  Ne7 44.Qh8 Ng6 45.Qg8 Ne7 46.Qh8 Ng6 47.Qg8 Ne7 48.Qf7 Ng6 49.Qg8 1/2-1/2

[Event "Pere Noel CEH 2017 (Open)"]
[Site "Gatineau"]
[Date "2018.01.23"]
[Round "6"]
[White "Jobin Gilles G."]
[Black "Solunac Stephen"]
[Result "1/2-1/2"]
[BlackElo "1710"]
[EventDate "2018.01.23"]
[WhiteElo "1795"]

1.e4 Nf6 2.e5 Nd5 3.d4 d6 4.c4 Nb6 5.Nc3 g6 6.Nf3 Bg4 7.h3 Bxf3 8.Qxf3 Bg7  9.exd6 cxd6 10.Be3 Nc6 11.Rd1 O-O 12.Be2 e5 13.d5 Ne7 14.Qe4 f5 15.Qc2 Rc8  16.Qb3 f4 17.Bxb6 Qxb6 18.Qxb6 axb6 19.Ne4 Nf5 20.Bg4 Rfd8 ( 20...Rxc4  { est intéressant. Dans la partie, je pensais que j'en retirerais un  certain avantage. Voyons ce que Stockfish en dit : } 21.Bxf5 gxf5 22.Nxd6 Rc7  { et après } 23.g4  { coup que je n'aurais sans doute jamais pensé jouer, déclare la position  égale. } ) 21.b3 h6 22.O-O 1/2-1/2

[Event "Pere Noel CEH 2017 (Open)"]
[Site "Gatineau"]
[Date "2018.01.23"]
[Round "6"]
[White "Raymond Daniel"]
[Black "Guimond Michel"]
[Result "1/2-1/2"]
[BlackElo "1904"]
[EventDate "2018.01.23"]
[WhiteElo "1752"]

1. e4 e6 2. d4 d5 3. Nd2 Nf6 4. e5 Nfd7 5. Bd3 c5 6. c3 Nc6 7. Ne2 Be7 8. O-O  Qc7 9. Kh1 c4 10. Bc2 Nb6 11. f4 g6 12. b3 Na5 13. Nf3 Bd7 14. Bd2 O-O-O 15.  b4 Nc6 16. a4 a5 17. Rb1 h6 18. Rb2 Rdg8 19. Qb1 Bd8 20. Nfg1 Kb8 21. Qa2 Ka7  22. bxa5 Nxa5 23. Rfb1 Nc8 24. Rf1 Bc6 25. Qb1 f5 26. Nc1 g5 27. Na2 gxf4 28.  Bxf4 Rg6 29. Ne2 Rhg8 30. Rg1 Qg7 31. Qf1 b6 32. Bg3 Bg5 33. Nf4 Bxf4 34.  Bxf4 Qd7 35. Rb4 Qe7 36. Nc1 1/2-1/2

[Event "Pere Noel CEH 2017 (Open)"]
[Site "Gatineau"]
[Date "2018.01.23"]
[Round "6"]
[White "Seguin Hubert"]
[Black "Lemieux Richard"]
[Result "0-1"]
[BlackElo "1598"]
[EventDate "2018.01.23"]
[WhiteElo "1588"]

1.e4 c6 2.d4 d5 3.e5 Bf5 4.Bd3 Bxd3 5.Qxd3 e6 6.Ne2 c5 7.c3 Nc6 8.O-O Qb6  9.Kh1 Rc8 10.a3 Na5 11.Nd2 c4 12.Qg3 Ne7 13.f4 Nf5 14.Qh3 Be7 15.g4 Nh4  16.f5 h5 17.f6 hxg4 18.Qxg4 gxf6 19.exf6 Bf8 20.Nf4 Qc6 21.Nf3 Nxf3 22.  Qxf3 Nb3 23.Rb1 Nxc1 24.Rbxc1 Kd8 25.Rg1 Kc7 26.Rg2 Bd6 27.Rg7 Kb6 28.Rxf7  Rh4 29.Ng6 Rxh2+ 30.Kg1 Rxb2 31.Ne7 Bxe7 32.Rxe7 Qd6 33.Rh7 Rg8+ 34.Kf1  Rg3 0-1

[Event "Pere Noel CEH 2017 (Open)"]
[Site "Gatineau"]
[Date "2018.01.23"]
[Round "6"]
[White "Danilov Alex"]
[Black "Rioux Jocelyn"]
[Result "0-1"]
[BlackElo "1625"]
[EventDate "2018.01.23"]
[WhiteElo "1680"]

1. Nf3 Nf6 2. c4 e6 3. Nc3 d5 4. e3 c5 5. cxd5 Nxd5 6. Bb5+ Bd7 7. Bc4 Nxc3  8. bxc3 Nc6 9. O-O Be7 10. Rb1 O-O 11. d4 cxd4 12. cxd4 Qc7 13. Qe2 Rac8 14.  Bd2 Rfd8 15. Rfc1 Ba3 16. Rc3 Bd6 17. h3 a6 18. a4 Bb4 19. Rxb4 Nxb4 20. Bxe6  Qd6 21. Rxc8 Bxc8 22. Bxf7+ Kxf7 23. Ng5+ Kg8 24. Qc4+ Qd5 0-1

[Event "Pere Noel CEH 2017 (B)"]
[Site "Gatineau"]
[Date "2018.01.23"]
[Round "6"]
[White "Traversy Pierre"]
[Black "Ethier Valori"]
[Result "0-1"]
[BlackElo "1411"]
[EventDate "2018.01.23"]
[WhiteElo "1208"]

1.d4 d5 2.c4 c6 3.c5 Nf6 4.Nc3 g6 5.g3 Bg7 6.Bg2 O-O 7.Nf3 Re8 8.O-O Bg4 $146  9.Re1 a5 10.Qc2 b5 11.e4 dxe4 12.Nxe4 Nxe4 13.Ne5 Bf5 14.Bxe4 Bxe4 15.Qxe4  Bxe5 16.Qxe5 Qd5 17.Qe4 Nd7 18.Bh6 Nf6 19.Qxd5 Nxd5 20.Re5 Ra7 21.Rae1 Nb4  22.Ra1 Rd7 23.a3 Nd3 24.Re4 Nxb2 25.Be3 Nc4 26.Rd1 Nxe3 27.Rxe3 a4 28.f4 e6  29.g4 Rd5 30.Re4 Kg7 31.Kf2 Kf6 32.Ke3 h5 33.g5+ Kf5 34.h3 Red8 35.Rd3 f6  36.gxf6 Kxf6 37.h4 Kf5 38.Re5+ Rxe5+ 39.fxe5 Kg4 40.Ke4 Rf8 41.Re3 Kxh4  42.Rf3 Rxf3 43.Kxf3 Kg5 44.Ke4 h4 45.d5 exd5+ 0-1

[Event "Pere Noel CEH 2017 (B)"]
[Site "Gatineau"]
[Date "2018.01.23"]
[Round "6"]
[White "Legare Gilles"]
[Black "Simard Paul"]
[Result "0-1"]
[BlackElo "1196"]
[EventDate "2018.01.23"]
[WhiteElo "1064"]

1.e4 e5 2.Nf3 Nc6 3.Nc3 Bc5 4.Nxe5 Nxe5 5.d4 Bd6 6.dxe5 Bxe5 7.Bd2 Nf6 8.Be2  O-O 9.Bd3 d5 10.Qc1 dxe4 11.Nxe4 Nxe4 12.Bxe4 Re8 13.O-O Bxh2+ 14.Kxh2 Rxe4  15.Bg5 f6 16.Be3 Qd6+ 17.g3 Rh4+ 18.Kg1 Rh3 19.Bf4 Qd5 20.f3 b6 21.Qe3 Qc6  22.Kg2 Bf5 23.c3 Re8 24.Qd4 Rh5 25.Rf2 Bc8 26.c4 a5 27.b3 Qb7 28.a4 c5 29.Qd2  g5 30.Rh1 Rxh1 31.Bxg5 Rh5 32.Bxf6 Rf5 33.Ba1 Rf7 34.Qc3 Rg7 35.Qf6 Ree7  36.Qh4 Qc7 37.Kf1 Rxg3 38.Rg2 Rxg2 39.Kxg2 Re2+ 40.Kf1 Re3 41.Qg5+ Kf8  42.Bg7+ Qxg7 43.Qd8+ Re8 44.Qd6+ Qe7 45.Qh6+ Qg7 46.Qh2 Qa1+ 0-1

[Event "Pere Noel CEH 2017 (B)"]
[Site "Gatineau"]
[Date "2018.01.23"]
[Round "6"]
[White "Masse-Garneau Anthony"]
[Black "Bourbonnais Luc"]
[Result "1-0"]
[BlackElo "1291"]
[EventDate "2018.01.23"]
[WhiteElo "1442"]

1.Nf3 Nf6 2.g3 c6 3.Bg2 g6 4.O-O Bg7 5.c4 d5 6.cxd5 cxd5 7.d3 O-O 8.Qc2 Nc6  9.Nbd2 e5 10.a3 a5 11.e4 dxe4 12.dxe4 Qc7 13.Nc4 Nd7 14.Rd1 b5 15.Nd6 Rb8  16.Be3 Bb7 17.Rac1 Rfc8 18.Nxc8 Rxc8 19.Bh3 Rd8 20.Bxd7 Rxd7 21.Rxd7 Qxd7  22.Rd1 Qg4 23.Qxc6 1-0

[Event "Pere Noel CEH 2017 (B)"]
[Site "Gatineau"]
[Date "2018.01.23"]
[Round "6"]
[White "Renaud Alexandre"]
[Black "Arcand Pierre"]
[Result "0-1"]
[BlackElo "1209"]
[EventDate "2018.01.23"]
[WhiteElo "1189"]

1. d4 d5  2. c4 dxc4  3. e3 e6  4. Bxc4 Bb4+  5. Nc3 Nf6  6. Qa4+ Nc6  7. Bb5 Bxc3+  8. bxc3 Bd7  9. Ba3 a6  10. Bd3 Ne5  11. Qc2 Nxd3+  12. Qxd3 Nd5  13. Nf3 Ne7  14. O-O O-O  15. Ng5 g6  16. e4 Re8  17. Qh3 h5  18. g4 e5  19. dxe5 Bxg4  20. Qg3 Nc6  21. Qf4 Nxe5  22. f3 Bd7  23. Qg3 c6  24. Bd6 f6  25. Bxe5 Rxe5  26. f4 Rc5  27. Nf3 Qe8  28. Qe1 Qe6  29. Qe3 Qe7  30. Rfd1 Rd8  31. Nh4 Kg7  32. Kh1 f5  33. exf5 Qxe3 0-1

[Event "Pere Noel CEH 2017 (B)"]
[Site "Gatineau"]
[Date "2018.01.23"]
[Round "6"]
[White "Sabourin Yves"]
[Black "Vezina Yannick"]
[Result "1-0"]
[BlackElo "1473"]
[EventDate "2018.01.23"]
[WhiteElo "1485"]

1.e4 e5 2.Nf3 g6 3.Nc3 Bg7 4.Bc4 c6 5.d4 exd4 6.Nxd4 b5 7.Bb3 a5 8.a3 a4  9.Ba2 Ba6 10.Qf3 Qe7 11.Nde2 Nf6 12.Bg5 d6 13.O-O O-O 14.Rfd1 Nbd7 15.Nd4 Bb7  16.Re1 Rfe8 17.Qf4 d5 18.f3 h6 19.Bxh6 Nh5 20.Qd2 Bxh6 21.Qxh6 Qc5 22.Qd2  Rad8 23.exd5 Rxe1+ 24.Rxe1 cxd5 25.Nxb5 Nb6 26.Qc3 Nc4 27.b3 axb3 28.cxb3 Ba6  29.bxc4 dxc4 30.Qxc4 Qxc4 31.Bxc4 Rxd4 32.Nxd4 Bxc4 33.a4 Nf4 34.Nb5 Nd3  35.Ra1 Nb4 36.a5 Na6 37.Rb1 Kf8 38.Nd6 Bd3 39.Rb7 f5 40.Rf7+ Kg8 41.Kf2 Nc5  42.Ke3 Bf1 43.g3 Ne6 44.Rf6 Nf8 45.Kd4 Be2 46.f4 Kh7 47.Rxf8 1-0

[Event "Pere Noel CEH 2017 (Open)"]
[Site "Gatineau"]
[Date "2018.01.16"]
[Round "5"]
[White "Akrib Fouad"]
[Black "Solunac Sasha"]
[Result "1-0"]
[BlackElo "1961"]
[EventDate "2018.01.16"]
[WhiteElo "1929"]

1.e4 e5 2.Nf3 Nf6 3.d3 Nc6 4.g3 Bc5 5.Bg2 d6 6.O-O O-O 7.c3 Bb6 8.Na3 a6  9.Nc4 Ba7 10.a4 Be6 11.Ne3 h6 12.Nh4 Ne7 13.Qf3 Nh7 14.Nef5 Bxf5 15.exf5 c6  16.f6 Nxf6 17.Bxh6 Ng6 18.Bg5 Nxh4 19.gxh4 d5 20.Rae1 Qd6 21.h5 Bb8 22.Qh3  Nh7 23.Bc1 f6 24.f4 Bc7 25.Qg4 f5 26.fxe5 fxg4 27.exd6 Bxd6 28.Re6 Rxf1+  29.Bxf1 Bf8 30.Rg6 Nf6 31.Rg5 Re8 32.Bd2 Kf7 33.d4 Bd6 34.Bd3 Ne4 35.Rxg4  Nxd2 36.Bg6+ Kf8 37.Bxe8 Kxe8 38.Rxg7 b6 39.Rg2 Nf3+ 40.Kf2 Nh4 41.h6 Be7  42.h7 1-0

[Event "Pere Noel CEH 2017 (Open)"]
[Site "Gatineau"]
[Date "2018.01.16"]
[Round "5"]
[White "Desjardins Michel"]
[Black "Jobin Gilles G."]
[Result "1/2-1/2"]
[BlackElo "1795"]
[EventDate "2018.01.16"]
[WhiteElo "1923"]

1.e4 d6 2.d4 Nf6 3.Nc3 e5 4.Nf3 exd4 5.Nxd4 Nc6 6.Nxc6 bxc6 7.Bd3 Be7 8.O-O  O-O 9.h3 Nd7 10.Re1 Bg5 11.Qh5 Bxc1 12.Raxc1 Ne5 13.Bf1 Qf6 14.Nd1 Qf4 15.Re3  g6 16.Qe2 a5 17.g3 Qh6 18.f4 Ba6 19.Qg2 Bxf1 20.Qxf1 Nd7 21.Nf2 Qg7 22.Nd3  Qd4 23.Qf2 Rfb8 24.c3 Qb6 25.Re2 c5 26.c4 Re8 27.Rce1 Kg7 28.e5 dxe5 29.Nxe5  Nxe5 30.Rxe5 Rxe5 31.Rxe5 Rd8 32.Qe2 1/2-1/2

[Event "Pere Noel CEH 2017 (Open)"]
[Site "Gatineau"]
[Date "2018.01.16"]
[Round "5"]
[White "Scantland Patrick"]
[Black "Raymond Daniel"]
[Result "0-1"]
[BlackElo "1752"]
[EventDate "2018.01.16"]
[WhiteElo "1827"]

1.Nf3 d5 2.d4 e6 3.Bf4 c5 4.e3 Nc6 5.Bb5 Bd7 6.c3 Qb6 7.Qe2 c4 8.Bxc6 Bxc6  9.O-O Nf6 10.Ne5 Be7 11.a4 Qd8 12.Nd2 Rc8 13.Rfd1 O-O 14.e4 Ne8 15.Re1 Bg5  16.Bxg5 Qxg5 17.Ndf3 Qf6 18.Nxc6 bxc6 19.e5 Qe7 20.h3 Rb8 21.Nh2 Nc7 22.f4 c5  23.Nf3 Na6 24.g4 cxd4 25.Nxd4 Nc5 26.Qg2 Nd3 27.Rf1 Rxb2 28.Qg3 Nc5 29.Qe3  Ne4 30.f5 exf5 31.Rxf5 g6 32.Rf4 Qxe5 33.Raf1 Qb8 34.h4 Rb1 35.Kg2 Qb2+  36.R1f2 Nxf2 37.Rxf2 Qc1 38.Kf3 Qxe3+ 39.Kxe3 Re8+ 40.Kf4 Ra1 41.h5 h6  42.hxg6 fxg6 43.Rh2 Re4+ 44.Kg3 Kg7 45.Rb2 Rxa4 46.Rb7+ Kf6 47.Rd7 Rxd4 0-1

[Event "Pere Noel CEH 2017 (Open)"]
[Site "Gatineau"]
[Date "2018.01.16"]
[Round "5"]
[White "Solunac Stephen"]
[Black "Bilodeau Victor"]
[Result "1-0"]
[BlackElo "1767"]
[EventDate "2018.01.16"]
[WhiteElo "1710"]

1.e4 c6 2.d3 d5 3.Nd2 e6 4.Ngf3 g6 5.g3 Bg7 6.Bg2 Ne7 7.O-O O-O 8.Re1 Nd7  9.c3 Nc5 10.d4 Nd3 11.Re3 Nxc1 12.Rxc1 dxe4 13.Rxe4 Nd5 14.Nc4 Nf6 15.Re1 Qc7  16.Nfe5 Nd7 17.Qe2 Nxe5 18.dxe5 Rd8 19.f4 Bf8 20.Kh1 b5 21.Nd2 Bb7 22.Ne4 c5  23.Qxb5 Bxe4 24.Bxe4 Rab8 25.Qe2 c4 26.Rcd1 Rdc8 27.Rd2 a5 28.Red1 Qb6 29.g4  Bc5 30.f5 exf5 31.gxf5 Bf8 32.e6 fxe6 33.fxe6 Kh8 34.Bd5 Bh6 35.Qe5+ Bg7  36.Qe4 Qc7 37.Re2 Bf6 38.Rf1 Kg7 39.Qf3 Rf8 40.Qe4 Rbc8 41.Rd2 Rfd8 42.Rfd1  Bg5 43.Rd4 Bf6 44.R4d2 Bg5 45.Rg2 Bf6 46.h4 Qd6 47.h5 Rc5 48.Rgd2 Qc7 49.hxg6  hxg6 50.Rg2 Rh8+ 51.Kg1 Qa7 52.Qxg6+ 1-0

[Event "Pere Noel CEH 2017 (Open)"]
[Site "Gatineau"]
[Date "2018.01.16"]
[Round "5"]
[White "Rioux Jocelyn"]
[Black "Lemieux Richard"]
[Result "0-1"]
[BlackElo "1598"]
[EventDate "2018.01.16"]
[WhiteElo "1625"]

1.e4 c6 2.d4 d5 3.e5 Bf5 4.Nd2 e6 5.Ngf3 a6 6.Nb3 c5 7.Bd2 c4 8.Nc1 Nc6 9.c3  b5 10.g3 h6 11.Nh4 Bh7 12.f4 Be7 13.Ng2 Be4 14.Rg1 f5 15.exf6 Nxf6 16.Ne3 O-O  17.Bh3 Qd6 18.Ng4 Nxg4 19.Bxg4 Bf6 20.Rf1 Bxd4 21.cxd4 Nxd4 22.a3 Nc2+ 23.Ke2  Nxa1 24.Bb4 Qb6 25.Bxf8 Nc2 26.Qd2 Rxf8 27.Kd1 Ne3+ 28.Ke1 Nxg4 29.Ke2 Nxh2  0-1

[Event "Pere Noel CEH 2017 (B)"]
[Site "Gatineau"]
[Date "2018.01.16"]
[Round "5"]
[White "Vezina Yannick"]
[Black "Lecorre Joel"]
[Result "1/2-1/2"]
[BlackElo "1487"]
[EventDate "2018.01.16"]
[WhiteElo "1473"]

{Comm. de Joël.} 1. d4 Nf6 2. c4 e5 3. dxe5 Ng4 4. f4 Bc5 5. Nh3 Ne3 {?? Coup illogique qui va   me hanter pour presque tout le reste de la partie.} 6. Bxe3 Bxe3 7. g3 Nc6 8.   Nc3 Bc5 9. Bg2 d6 10. Bxc6+ bxc6 11. Nf2 Be6 12. Qa4 Rb8 13. Nd3 Bd4 14. Qxc6+   Bd7 15. Qe4 Bxc3+ 16. bxc3 O-O 17. O-O Rb6 18. Rfd1 Bc6 19. Qd4 Qe7 20. c5 dxc5   21. Nxc5 Rb5 22. Nb3 Qe6 23. c4 Qh3 24. e4 Rb6 25. Rd2 h5 26. f5 Qg4 27. Nc5 h4   28. Rg2 h3 29. Rf2 Qg5 30. e6 Rd8 31. exf7+ Kxf7 32. Ne6 Rxd4 33. Nxg5+ Kf6 34.   Ne6 Rxc4 35. Re1 Bxe4 36. Nxc7 Bg2 37. Rxg2 Rxc7 38. Rf2 Rc5 39. Ref1 Rbc6 40.   Re2 a5 41. Rf3 Rxf5 42. Kf2 Rc3 43. Rxf5+ Kxf5 44. Re3 Rc2+ 45. Re2 Rc3 {   La victoire me glisse entre doigts. J'avais proposé la nulle à mon   adversaire un ou deux coups avant. Psychologiquement, j'étais tellement   content d'être revenu de l'arrière que je ne voyais pas combien ma position   était devenue supérieure. La prise 45... Txe2 procure un avantage décisiif   aux Noirs grâce à l'opposition.} 46. Rd2 Ke4 47. Re2+ Kf5 48. Ke1 Ra3 49. Rd2   Ke4 50. Ke2 Re3+ 51. Kf2 Rf3+ 1/2-1/2

[Event "Pere Noel CEH 2017 (B)"]
[Site "Gatineau"]
[Date "2018.01.16"]
[Round "5"]
[White "Labrie Dany"]
[Black "Sabourin Yves"]
[Result "0-1"]
[BlackElo "1485"]
[EventDate "2018.01.16"]
[WhiteElo "1293"]

1. e4 e5 2. Nf3 Nf6 3. Bc4 Nxe4 4. O-O d5 5. Nc3 Nxc3 6. dxc3 dxc4 7. Qxd8+  Kxd8 8. Nxe5 Be6 9. Be3 Bd6 10. f4 Nd7 11. Rad1 Bxe5 12. fxe5 Ke7 13. Bg5+ f6  14. exf6+ Nxf6 15. Rd4 Rad8 16. Re4 h6 17. Bxf6+ gxf6 18. Rfe1 Rd6 19. Rxc4 c6  20. a4 Rd1 21. Rce4 Rxe1+ 22. Rxe1 Rd8 23. Kf2 Rd2+ 24. Re2 Rxe2+ 25. Kxe2 Kd6  26. b3 Kd5 27. Ke3 Bf5 28. c4+ Ke5 29. c3 Bc2 30. b4 Bxa4 31. Kf3 b6 32. Kg4  Bd1+ 33. Kh4 a5 34. g4 a4 35. Kh5 a3 36. h4 a2 37. Kxh6 a1=Q 38. g5 Qxc3 39. g6  Qe3+ 40. Kg7 Bh5 41. Kh7 Qe4 42. Kg7 Qxg6+ 43. Kf8 Qf7# 0-1

[Event "Pere Noel CEH 2017 (B)"]
[Site "Gatineau"]
[Date "2018.01.16"]
[Round "5"]
[White "Bourbonnais Luc"]
[Black "Berthiaume Serge"]
[Result "1-0"]
[BlackElo "1455"]
[EventDate "2018.01.16"]
[WhiteElo "1291"]

1. e4 c5 2. Nf3 Nc6 3. d4 cxd4 4. Nxd4 Nf6 5. Nc3 Qb6 6. Nb3 g6 7. Be3 Qd8  8. Be2 Bg7 9. Qd2 h5 10. h3 d6 11. O-O-O Be6 12. Kb1 Nd7 13. Nd4 Nxd4 14.  Bxd4 f6 15. Nd5 O-O 16. Nf4 Bf7 17. g4 e5 18. gxh5 exf4 19. Qxf4 Ne5 20.  Qg3 Qa5 21. b3 Nc6 22. Bc3 Nb4 23. a4 g5 24. Rd4 Qc5 25. Rxb4 Rfc8 26. Rc4  Bxc4 27. Bxc4+ Kh8 28. Rd1 Rd8 29. Rd5 Qc7 30. h4 Qe7 31. hxg5 fxg5 32.  Bxg7+ Qxg7 33. Rxg5 Qh6 34. Qg4 Qh7 35. Rg6 Rf8 36. Qg5 Rg8 37. Qf6+ Rg7  38. Rh6 Qxh6 39. Qxh6+ Rh7 40. Qf6+ 1-0

[Event "Pere Noel CEH 2017 (B)"]
[Site "Gatineau"]
[Date "2018.01.16"]
[Round "5"]
[White "Raymond Robert"]
[Black "Traversy Pierre"]
[Result "1/2-1/2"]
[BlackElo "1206"]
[EventDate "2018.01.16"]
[WhiteElo "1289"]

1. e4 e5 2. Nf3 Nc6 3. Bb5 Nge7 4. c3 d6 5. h3 a6 6. Ba4 h6 7. O-O Be6 8. d4 b5  9. Bc2 Bd7 10. d5 Nb8 11. Re1 Qc8 12. Kh2 c5 13. dxc6 Nexc6 14. Bb3 Be6 15. Bc2  Nd7 16. Be3 Nf6 17. Kg1 Be7 18. Nh4 Na5 19. b3 Qc7 20. Nf5 Bf8 21. Qd3 Rd8 22.  Bd2 Nc6 23. Qg3 Bxf5 24. exf5 Ne7 25. Qf3 Qc6 26. Qe3 Ned5 27. Qf3 Ne7 28. Qe3  Ned5 29. Qg3 Nh5 30. Qg4 Nhf6 31. Qf3 Ne7 32. Qe3 Ned5 33. Be4 Nxe4 34. Qxe4  Ne7 35. Qxc6+ Nxc6 36. f4 f6 37. fxe5 dxe5 38. g4 Bc5+ 39. Kg2 b4 40. cxb4 Bxb4  41. Bxb4 Nxb4 42. Na3 O-O 43. Re2 Nd5 44. Kg3 Nf4 45. Ree1 Nd5 46. Nc4 {  Impossible de reconstituer la suite et la partie est nulle au 77e coup.} Rfe8  1/2-1/2

[Event "Pere Noel CEH 2017 (B)"]
[Site "Gatineau"]
[Date "2018.01.16"]
[Round "5"]
[White "Ethier Valori"]
[Black "Lepine Louis"]
[Result "1-0"]
[BlackElo "1044"]
[EventDate "2018.01.16"]
[WhiteElo "1411"]

1. f4 d5 2. b3 Bf5 3. Bb2 f6 4. e3 Nc6 5. Bb5 Qd7 6. Nf3 a6 7. Bxc6 bxc6 8. O-O  e6 9. d3 c5 10. Nc3 c6 11. Qe2 d4 12. Na4 Qa7 13. e4 Bg4 14. g3 Bd6 15. e5 Bxf3  16. Qxf3 Rc8 17. exd6 Nh6 18. Qh5+ Nf7 19. Rae1 O-O 20. Rxe6 c4 21. Ba3 c5 22.  Bxc5 g6 23. Qd5 Qb8 24. Rxf6 Kg7 25. Bxd4 Kg8 26. Nb6 Rcd8 27. Nxc4 Rd7 28. Re1  Re8 29. Rxe8+ Qxe8 30. Ne5 Kg7 31. Rxf7+ Rxf7 32. Nxf7+ Kf8 33. Ne5 Kg7 34. d7  Qd8 35. Nc6+ Kh6 36. Nxd8 1-0

[Event "Pere Noel CEH 2017 (B)"]
[Site "Gatineau"]
[Date "2018.01.16"]
[Round "5"]
[White "Simard Paul"]
[Black "Yuan Eric"]
[Result "1-0"]
[BlackElo "964"]
[EventDate "2018.01.16"]
[WhiteElo "1196"]

{D07: Gambit Dame (défense Tchigorine)} 1. d4 d5 2. c4 dxc4 3. Nf3 Nc6 4. Nc3  Nf6 5. e4 {dernier coup de la bibliothèque} b5 (5... Bg4 $5 6. Be3 e6 $11) 6.  Nxb5 $16 Ba6 $2 (6... e6 $142 7. Bxc4 Bb4+ 8. Bd2 Bxd2+ 9. Qxd2 Nxe4 $16) 7.  Bxc4 $18 Bxb5 (7... Nb8 8. Bxf7+ $1 {la sentence de mort!} Kxf7 9. Ng5+ Ke8 $18  ) 8. Bxb5 Qd7 (8... Qd6 {ne mène pas au salut.} 9. Qa4 Nd7 10. Bxc6 $18) 9. d5  (9. Qa4 {et les Blancs peuvent se relaxer.} Nd8 10. Bxd7+ Nxd7 $18) 9... Qd6 (  9... Rd8 {n'est pas le coup salvateur.} 10. Qa4 Qc8 11. Bxc6+ Nd7 12. Ne5 $18)  10. Bxc6+ Nd7 11. Bxa8 Qb4+ 12. Nd2 e5 13. O-O Bd6 14. Bc6 O-O 15. Bxd7 Rd8 16.  Bf5 (16. Qa4 $142 {peut être le plus court chemin.} Qb7 $18) 16... Qd4 17. Nf3  Qxd1 18. Rxd1 g6 19. Bh3 Bf8 20. Nxe5 c5 21. Nc6 Ra8 22. Be3 Bg7 23. Rab1 (23.  e5 g5 24. d6 Bxe5 25. Nxe5 Kg7 26. d7 Rd8 27. Nc6 Rg8 28. d8=Q Rxd8 29. Rxd8 g4  30. Rad1 c4 31. Ne5 gxh3 32. Bg5 h6 33. R1d7 hxg5 34. Rxf7+ Kh6 35. Rh8#) 23...  Bf8 24. g3 (24. d6 Bxd6 25. Rxd6 c4 26. Rd8+ Rxd8 27. Nxd8 h6 28. Rd1 c3 29.  bxc3 Kf8 30. Bxh6+ Kg8 31. Rd7 Kh7 32. Nxf7 g5 33. Bf5+ Kg8 34. Nxg5 Kh8 35.  Rd8#) 24... a6 25. Rdc1 (25. d6 Bxd6 26. Rxd6 g5 27. Bxg5 h6 28. Bxh6 f6 29.  Bf5 c4 30. Rbd1 Re8 31. Rd8 Rxd8 32. Rxd8+ Kf7 33. Rf8#) 25... Re8 26. Bxc5 (  26. e5 $142 {semble mieux.} Ra8 $18) 26... Bxc5 27. Rxc5 Rxe4 28. b4 (28. d6  Re8 29. d7 Rf8 30. d8=Q Rxd8 31. Nxd8 Kg7 32. Rc7 h5 33. Rxf7+ Kh6 34. Re1 a5  35. Re8 Kg5 36. Ne6+ Kh6 37. Rh8#) 28... f5 29. d6 Kf7 (29... Re6 {ne change  pas la suite de la partie.} 30. d7 Rd6 31. d8=Q+ Rxd8 32. Nxd8 Kg7 33. Rc7+ Kh6  34. Ne6 f4 35. gxf4 g5 36. Bf5 gxf4 37. Rxh7#) 30. d7 Kf8 (30... Re8 {  n'améliore rien.} 31. dxe8=Q+ Kxe8 32. Re1+ Kf7 33. Re7+ Kf6 34. Rd5 Kg5 35.  Rxh7 Kf6 36. Rd6+ Kg5 37. f4#) 31. d8=Q+ Re8 (31... Kg7 {ne gagne pas un prix.}  32. Ne7 Kf7 33. Rc7 Re1+ 34. Rxe1 g5 35. Qg8+ Kf6 36. Rc6#) 32. Qf6+ Kg8 33.  Ne7+ Rxe7 34. Rc8+ Re8 35. Rxe8# 1-0

[Event "Pere Noel CEH 2017 (Open)"]
[Site "Gatineau"]
[Date "2018.01.09"]
[Round "4"]
[White "Scantland Patrick"]
[Black "Solunac Stephen"]
[Result "1/2-1/2"]
[BlackElo "1710"]
[EventDate "2018.01.09"]
[WhiteElo "1827"]

1.d4 e6 2.c4 f5 3.g3 Nf6 4.Nc3 Be7 5.Bg2 O-O 6.Nh3 d6 7.O-O c6 8.e4 e5 9.dxe5  dxe5 10.Qe2 Qc7 11.exf5 Bxf5 12.Ng5 Na6 13.Nge4 Rad8 14.Re1 Nxe4 15.Nxe4 Bb4  16.Bd2 Bxe4 17.Bxb4 Bd3 18.Qd2 Bxc4 $2 ( 18...Bg6 $1 ) 19.Qc3 Nxb4 20.Qxb4 $2  ( 20.Qxc4+ Nd5 $13 ) 20...Qf7 21.Qc5 $2 ( 21.f3  { est sans doute un moindre mal. } ) 21...Rd2 $19 22.f4 Bd5 ( 22...exf4  { Stockfish donne -3.4 } ) 23.Bxd5 Rxd5 24.Qa3 exf4 25.Re7 Qf6 26.Rf1 f3  27.Qe3 Qd4 $2 ( 27...Qxb2 $19 ) 28.Qxd4 Rxd4 $15 29.Rxb7 Rd2 30.Rxa7 Rxb2  31.Ra3 f2+ 32.Kg2 Rc2 33.Ra6 c5 34.a4 c4 35.Rc6 Ra8 36.a5 Rxa5 37.Rxf2 Rxf2+  38.Kxf2 Ra4 39.h4 g6 40.Rc7 h6 41.Kf3 Kf8 42.g4 Ra3+ $10 43.Ke4 Rg3 44.Kf4  Rc3 45.g5 h5 46.Ke5 Rf3 47.Rxc4 Kg7 48.Rc7+ Kf8 49.Rc4 Kg7 50.Rf4 Rxf4  51.Kxf4 Kf7 52.Ke5 Ke7 53.Kd5 Kd7 1/2-1/2

[Event "Pere Noel CEH 2017 (Open)"]
[Site "Gatineau"]
[Date "2018.01.09"]
[Round "4"]
[White "Raymond Daniel"]
[Black "Akrib Fouad"]
[Result "0-1"]
[BlackElo "1929"]
[EventDate "2018.01.09"]
[WhiteElo "1752"]

1.e4 b6 2.d4 Bb7 3.Nc3 e6 4.Nf3 c5 5.d5 Nf6 6.Bg5 h6 7.Bh4 g5 8.Bg3 a6 9.a4  Qe7 10.Be2 Bg7 11.O-O O-O 12.h4 Nh5 13.Bh2 Nf4 14.Bc4 Qf6 15.hxg5 hxg5 16.Nd2  e5 17.Qg4 d6 18.Bxf4 gxf4 19.f3 Qh6 20.Qh3 Qg5 21.Kf2 Bc8 22.Qh2 Bh6 23.Rh1  Kg7 24.Qh5 Qg3+ 25.Kf1 Rh8 26.Bd3 Nd7 27.Nc4 Nf6 28.Qh4 Qg6 29.Nxd6 Kf8  30.Nc4 Nd7 31.Qf2 Rb8 32.Nd2 Nf6 33.Ke2 Nh5 34.Kd1 Ng3 35.Rg1 Bg5 36.Ne2 Nh1  37.Qf1 Qh6 38.c3 Ng3 39.Nxg3 fxg3 40.Qe2 Be3 41.Rf1 Qf4 42.Kc2 Rh2 43.Rh1  Bxd2 44.Rxh2 gxh2 45.Qxd2 Qg3 46.Rh1 Kg7 47.Qe1 Qxg2+ 48.Be2 Bd7 49.Qf1 Qg3  50.b3 b5 51.a5 Bh3 52.Qd1 Bg2 53.Re1 Qf2 54.Qd2 f6 55.d6 h1=Q 56.Rxh1 Bxh1  57.d7 Rd8 58.Qd6 Qxe2+ 59.Kb1 Kg6 60.Qe7 Qd1+ 61.Kb2 Qxd7 0-1

[Event "Pere Noel CEH 2017 (Open)"]
[Site "Gatineau"]
[Date "2018.01.09"]
[Round "4"]
[White "Guimond Michel"]
[Black "Jobin Gilles G."]
[Result "1-0"]
[BlackElo "1795"]
[EventDate "2017.12.19"]
[WhiteElo "1904"]

1.e4 d6 2.d4 Nf6 3.Nc3 c6 4.Be3 Qa5 5.f3 e5 6.Qd2 Nbd7 7.d5 cxd5 8.exd5 a6  9.a3 b5 10.b4 Qc7 11.a4 bxa4 12.Nxa4 Bb7 13.c4 Rc8 14.Bd3 g6 15.Ne2 Bg7  16.O-O O-O 17.Rac1 Qb8 18.Be4 Nxe4 19.fxe4 f5 20.c5 Nf6 21.exf5 Nxd5 22.Bf2  Bc6 23.cxd6 Qxb4 24.Qxb4 Nxb4 25.Nb6 Rcd8 26.Rfd1 Rf6 $4 27.Be1 a5 $4 28.Bxb4 1-0

[Event "Pere Noel CEH 2017 (Open)"]
[Site "Gatineau"]
[Date "2018.01.09"]
[Round "4"]
[White "Bilodeau Victor"]
[Black "Danilov Alex"]
[Result "1-0"]
[BlackElo "1680"]
[EventDate "2017.12.19"]
[WhiteElo "1767"]

1.d4 Nf6 2.c4 e6 3.Nc3 Bb4 4.Nf3 c5 5.e3 Nc6 6.Bd3 O-O 7.O-O Bxc3 8.bxc3 d6  9.Qc2 e5 10.d5 Ne7 11.Ng5 Ng6 12.f4 Nh5 13.Be2 exf4 14.Bxh5 Qxg5 15.Bxg6 hxg6  16.exf4 Qf5 17.Qb3 Re8 18.Bd2 Re2 19.Be1 Rxg2+ 20.Kxg2 Qh3+ 21.Kg1 Bf5 22.Bg3  Re8 23.Rae1 Be4 24.Rf2 1-0